| 000 | 00641nam a22001937a 4500 | ||
|---|---|---|---|
| 003 | SISC | ||
| 005 | 20161230132912.0 | ||
| 008 | 161230b xxu||||| |||| 00| 0 eng d | ||
| 020 | _a9789719229247 | ||
| 050 |
_aG 155.P6 _b.J41 2012 |
||
| 100 | _aJavier, Nancy Joan M. | ||
| 245 |
_aTourism laws : _bupdated with the tourism act of 2009 / _cNancy Joan M. Javier. |
||
| 250 | _a3rd edition. | ||
| 260 |
_aQuezon City : _bLex Tourismo Publications, _c2012. |
||
| 300 |
_aiii, 269 pages ; _c22 cm. |
||
| 500 | _aIncludes bibliographical references and index. | ||
| 650 |
_aTourist trade _xLaw and legislation _zPhilippines. |
||
| 942 |
_2lcc _cBK |
||
| 999 |
_c305373 _d305373 |
||